000
00249nam a2200109Ia 4500
008
190914s9999||||xx |||||||||||||| ||und||
100
_a
Robert J. Gordon
245
0
_a
Macroeconomics
260
_a
India
_b
Dorling
_c
2008
300
_a
379
942
_c
BK
999
_c
10006
_d
10006